000 00466nam a2200205Ia 4500
003 LK-CoDNM
008 010623t xxu||||| |||| 00| 1 eng d
040 _aLK-CoDNM
_dLK-CoDNM
_eLK-CoDNM
041 _aeng
080 _a792.024 WIM (RC)
100 _aGomes,Dian.
245 _aCostumes of Sri Lanka
260 _b?
300 _b140p,Pl., 32 cm
650 _aCaste
650 _aDance
650 _aEmbroidery
700 _aWimalaratne,K.D.G.
942 _cBK
999 _c134102
_d134102